LEADER 01141nam a2200265 u 4500 001 000000092103 003 CaOOAMICUS 005 20070226124913.0 008 060403s2003 it u000 u ita u 020 $a8831101331 035 $a11084505 040 $aPUL$bita 100 1 $aDonà, Massimo,$d1957-$0(OLS)http://pul/name/42988 245 10$aAporie platoniche :$bsaggio sul Parmenide /$cMassimo Donà. 260 $aRoma :$bCittà Nuova,$cc2003. 300 $a133 p. ;$c19 cm 490 1 $aIdee.$aFilosofia.$aNuova serie ;$v133 600 04$aPlato,$d427-347 a.C.$tParmenides$9(Plato, 427-347 a.C.).$0(OLS)http://pul/subject/23926 830 0$aIdee.$pFilosofia.$pNuova serie ;$v133.$0(OLS)http://pul/title/81879 850 $aPUL 852 $aPUL$W1$xSL Filosofia 2$y80$mPhil A15 133$j115895$nBK-PRI$b $qStampati altre collocazioni$B115895$CPULBib$Z2$F115895 $HPUL100479 $81 941 1 $a10 996 $6020$a8831101331$9(OLS)http://pul/number/120863 996 $6245$aAporie platoniche :$bsaggio sul Parmenide$9(OLS)http://pul/title/118879 996 $6260$aRoma :$bCittà Nuova$9(OLS)http://pul/publisher/47927 LEADER 01734nam a2200265 u 4500 001 000000087783 003 CaOOAMICUS 005 20070226124437.0 008 051019s1944 quca u000 u fre u 035 $a11064801 040 $aPUL(R)$bita 245 00$aAux petits du royaume :$bessai pratique de méthodologie catéchistique /$cpar une religieuse de l'Assomption de la S.V. 260 $aTrois-Rivières, Québec :$bEd. du bien public,$c1944. 300 $a6 v. :$bill. ;$c21 cm 650 4$aCatechismo$xStudio e insegnamento.$0(OLS)http://pul/subject/1222 850 $aPUL 852 $aPUL$W1$xDP1 Fondo Pastorale$y55$mP3 F 55-60$j111255$nBK-PRI$b $qFondi$B111255$CPULBib$Z2$F111255 $H $81 852 $aPUL$W1$xDP1 Fondo Pastorale$y55$mP3 F 55-60$j111255$nBK-PRI$b $qFondi$B111256$CPULBib$Z2$F111256 $H $81 852 $aPUL$W1$xDP1 Fondo Pastorale$y55$mP3 F 55-60$j111255$nBK-PRI$b $qFondi$B111257$CPULBib$Z2$F111257 $H $81 852 $aPUL$W1$xDP1 Fondo Pastorale$y55$mP3 F 55-60$j111255$nBK-PRI$b $qFondi$B111258$CPULBib$Z2$F111258 $H $81 852 $aPUL$W1$xDP1 Fondo Pastorale$y55$mP3 F 55-60$j111255$nBK-PRI$b $qFondi$B111259$CPULBib$Z2$F111259 $H $81 852 $aPUL$W1$xDP1 Fondo Pastorale$y55$mP3 F 55-60$j111255$nBK-PRI$b $qFondi$B111260$CPULBib$Z2$F111260 $H $81 941 1 $a1 996 $6245$aAux petits du royaume :$bessai pratique de méthodologie catéchistique$9(OLS)http://pul/title/113536 996 $6260$aTrois-Rivières, Québec :$bEd. du bien public$9(OLS)http://pul/publisher/77762